<?xml version="1.0" encoding="UTF-8"?>
<collection xmlns:xsi="http://www.w3.org/2001/XMLSchema-instance" xsi:schemaLocation="http://www.loc.gov/MARC21/slim http://www.loc.gov/standards/marcxml/schema/MARC21slim.xsd" xmlns="http://www.loc.gov/MARC21/slim">
 <record>
  <leader>00000cab a22000004cb4500</leader>
  <controlfield tag="001">IPP-00000552941</controlfield>
  <controlfield tag="003">IPP</controlfield>
  <controlfield tag="005">20210413171926.0</controlfield>
  <controlfield tag="008">210413s2017    xx     d | ||r |||||eng||</controlfield>
  <datafield tag="041" ind1="#" ind2="#">
   <subfield code="a">eng</subfield>
  </datafield>
  <datafield tag="100" ind1="1" ind2="#">
   <subfield code="a">Giron, Manuel Kristoffer C.</subfield>
  </datafield>
  <datafield tag="245" ind1="1" ind2="0">
   <subfield code="a">Re/creating the workd through myths</subfield>
   <subfield code="b">world-making and visual presentation of folk narratives in the art of  Roberto Feleo  i</subfield>
  </datafield>
  <datafield tag="264" ind1="#" ind2="1">
   <subfield code="c">2017</subfield>
  </datafield>
  <datafield tag="650" ind1="1" ind2="0">
   <subfield code="a">Feleo, Robeto</subfield>
  </datafield>
  <datafield tag="650" ind1="2" ind2="0">
   <subfield code="a">Folk literature</subfield>
  </datafield>
  <datafield tag="773" ind1="0" ind2="#">
   <subfield code="t">Philippine Humanities Review:Rebyu ng Arte at Literatura ng Pilipinas</subfield>
   <subfield code="g">Vol. 19, no. 1 (2017), 17-31</subfield>
  </datafield>
  <datafield tag="852" ind1="#" ind2="#">
   <subfield code="a">UPD</subfield>
   <subfield code="b">DCAL</subfield>
  </datafield>
  <datafield tag="852" ind1="#" ind2="#">
   <subfield code="a">UPD</subfield>
   <subfield code="b">DMLP</subfield>
  </datafield>
  <datafield tag="942" ind1="#" ind2="#">
   <subfield code="a">Article</subfield>
  </datafield>
  <datafield tag="950" ind1="#" ind2="#">
   <subfield code="a">FI</subfield>
  </datafield>
 </record>
</collection>
